Dil Darya Samandar / (Record no. 524970)

000 -LEADER
fixed length control field 00534nam a22001817a 4500
003 - CONTROL NUMBER IDENTIFIER
control field NUST
038 ## - RECORD CONTENT LICENSOR
Staff Name Faiza
082 ## - DEWEY DECIMAL CLASSIFICATION NUMBER
Classification number 891.4394
Author Mark WAS
100 ## - MAIN ENTRY--PERSONAL NAME
Personal name Wasif, Wasif Ali
9 (RLIN) 15769
245 ## - TITLE STATEMENT
Title Dil Darya Samandar /
Statement of responsibility, etc. Wasif Ali Wasif
260 ## - PUBLICATION, DISTRIBUTION, ETC.
Place of publication, distribution, etc. Lahore :
Name of publisher, distributor, etc. Kashif Publications,
Date of publication, distribution, etc. 1998.
300 ## - PHYSICAL DESCRIPTION
Extent 248 p. ;
500 ## - GENERAL NOTE
General note Hardcover.
880 ## - ALTERNATE GRAPHIC REPRESENTATION
Linkage 100-01\r
Title واصف علی واصف
880 ## - ALTERNATE GRAPHIC REPRESENTATION
Linkage 245-02\r
Title دل دریا سمندر /
880 ## - ALTERNATE GRAPHIC REPRESENTATION
Linkage 260-03\r
Title لاہور :
b کاشف پبلیکیشنز,
c ۱۹۹۸.
942 ## - ADDED ENTRY ELEMENTS (KOHA)
Source of classification or shelving scheme
Koha item type Book
Holdings
Withdrawn status Lost status Source of classification or shelving scheme Damaged status Not for loan Permanent Location Current Location Date acquired Total Checkouts Total Renewals Full call number Barcode Checked out Date last seen Date last checked out Price effective from Koha item type
          Central Library (CL) Central Library (CL) 06/27/2019 7 9 891.4394 WAS CL-E-769 05/20/2026 12/02/2025 12/02/2025 06/27/2019 Book
© 2023 Central Library, National University of Sciences and Technology. All Rights Reserved.